|
|
|
|
| LEADER |
02698nam a2200673 a 4500 |
| 001 |
nkc20051576020 |
| 003 |
CZ PrNK |
| 005 |
20060119085905.0 |
| 007 |
ta |
| 008 |
050720s2005 xr abf f c 000 cze |
| 015 |
|
|
|a cnb001576020
|
| 020 |
|
|
|a 80-86067-06-8
|q (váz.)
|
| 035 |
|
|
|a (OCoLC)85158803
|
| 040 |
|
|
|a BOA001
|b cze
|d ABA001
|
| 043 |
|
|
|a e-xr---
|b e-xr-jc
|2 czenas
|
| 045 |
|
|
|a r-t-
|
| 072 |
|
7 |
|a 73
|x Sochařství, keramika, porcelán, umělecké zpracování kovů
|2 Konspekt
|9 21
|
| 080 |
|
|
|a 069.5
|2 MRF
|
| 080 |
|
|
|a 738.81
|2 MRF
|
| 080 |
|
|
|a 7.033.5
|2 MRF
|
| 080 |
|
|
|a 7.034.3/.6
|2 MRF
|
| 080 |
|
|
|a 7.04
|2 MRF
|
| 080 |
|
|
|a 683.9
|2 MRF
|
| 080 |
|
|
|a (437.319)
|2 MRF
|
| 080 |
|
|
|a (083.81)
|2 MRF
|
| 100 |
1 |
|
|a Krajíc, Rudolf,
|d 1954-
|7 jn20010601430
|4 aut
|
| 245 |
1 |
0 |
|a Středověké kamnářství :
|b výzdobné motivy na gotických kachlích z Táborska /
|c Rudolf Krajíc
|
| 260 |
|
|
|a Tábor :
|b pro Husitské muzeum v Táboře vydalo nakl. Albis international v Ústí nad Labem,
|c 2005
|
| 300 |
|
|
|a 209 s., xvi s. barev. obr. příl. :
|b il. (některé barev.), mapy ;
|c 30 cm
|
| 500 |
|
|
|a 500 výt.
|
| 504 |
|
|
|a Obsahuje bibliografii
|
| 610 |
2 |
7 |
|a Husitské muzeum (Tábor, Česko)
|7 ko2003171822
|2 czenas
|
| 648 |
|
7 |
|a 14.-16. století
|7 ch757045
|2 czenas
|
| 650 |
0 |
7 |
|a muzejní sbírky
|7 ph137908
|z Česko
|2 czenas
|
| 650 |
0 |
7 |
|a kachle
|7 ph121387
|z Česko
|y 14.-16. století
|2 czenas
|
| 650 |
0 |
7 |
|a gotické umění
|7 ph120586
|z Česko
|2 czenas
|
| 650 |
0 |
7 |
|a renesanční umění
|7 ph125134
|z Česko
|2 czenas
|
| 650 |
0 |
7 |
|a náměty, témata a motivy
|7 ph138485
|2 czenas
|
| 650 |
0 |
7 |
|a kamnářství
|7 ph318962
|z Česko
|y 14.-16. století
|2 czenas
|
| 650 |
0 |
9 |
|a museum collections
|z Czechia
|2 eczenas
|
| 650 |
0 |
9 |
|a tiles
|z Czechia
|y 14th-16th centuries
|2 eczenas
|
| 650 |
0 |
9 |
|a gothic art
|z Czechia
|2 eczenas
|
| 650 |
0 |
9 |
|a renaissance art
|z Czechia
|2 eczenas
|
| 650 |
0 |
9 |
|a themes and motives
|2 eczenas
|
| 650 |
0 |
9 |
|a stovemaking
|z Czechia
|y 14th-16th centuries
|2 eczenas
|
| 651 |
|
7 |
|a Tábor (Česko)
|7 ge131164
|2 czenas
|
| 651 |
|
7 |
|a Tábor (Česko : oblast)
|7 ge131165
|2 czenas
|
| 651 |
|
9 |
|a Tábor (Czechia)
|2 eczenas
|
| 651 |
|
9 |
|a Tábor Region (Czechia)
|2 eczenas
|
| 655 |
|
7 |
|a katalogy
|7 fd132535
|2 czenas
|
| 655 |
|
9 |
|a catalogs
|2 eczenas
|
| 710 |
2 |
|
|a Husitské muzeum (Tábor, Česko)
|7 ko2003171822
|
| 856 |
4 |
1 |
|u http://www.digitalniknihovna.cz/mzk/uuid/uuid:aa962e70-1bbf-11e4-8f64-005056827e52
|y Digitalizovaný dokument
|x NDK
|
| 910 |
2 |
|
|a BOA001
|b 4-1155.592
|
| 928 |
9 |
|
|a Albis international
|
| 990 |
|
|
|a BK
|
| 995 |
|
|
|a 01
|
| 991 |
|
|
|b 200508
|c NOV
|
| 996 |
6 |
|
|b 2610255957
|c 4-1155.592
|l MZK
|r Sklad / do 1 hodiny
|n 14
|p p.v.
|w 000783613
|u 000010
|a 1
|e BOA001
|j MZK50
|s P
|